[Event "Belgrade Trophy 30th"]
[Site "Belgrade"]
[Date "2016.11.26"]
[Round "3"]
[White "Mihajlovic, Nikola"]
[Black "Kovacevic, Matija D"]
[Result "0-1"]
[WhiteElo "1923"]
[BlackElo "1557"]
[PlyCount "44"]
[EventDate "2016.11.24"]
[EventType "swiss"]
[EventRounds "9"]
[EventCountry "SRB"]
[SourceTitle "CBM 175 Extra"]
[Source "ChessBase"]
[SourceDate "2016.12.12"]
[SourceVersion "1"]
[SourceVersionDate "2016.12.12"]
[SourceQuality "1"]

1. e4 c5 2. Nc3 Nc6 3. Nf3 e5 4. Bc4 Be7 5. d3 Nf6 6. h3 0-0 7. Bg5 h6 8. Be3 d6 9. Nd5 Nxd5 10. Bxd5 Nd4 11. c3 Nb5 12. Qd2 Nc7 13. Bb3 a5 14. h4 Kh7 15. g4 Be6 16. c4 g5 17. Bd1 f6 18. Be2 b5 19. hxg5 fxg5 20. Bxg5 Rxf3 21. Bxf3 Bxg5 22. Qc2 b4 0-1